Trajes y tejidos de los indios zoques de Chiapas, México (Record no. 92)

MARC details
000 -CABECERA
campo de control de longitud fija 01112nam a2200289 a 4500
001 - NÚMERO DE CONTROL
campo de control BRCA_107
005 - FECHA Y HORA DE LA ÚLTIMA TRANSACCIÓN
campo de control 20190320202900.0
008 - DATOS DE LONGITUD FIJA--INFORMACIÓN GENERAL
campo de control de longitud fija 920225s1988 mx-a---##b---s000-0#spa-#
020 ## - NÚMERO INTERNACIONAL ESTÁNDAR DEL LIBRO
Número Internacional Estándar del Libro 9688421685
040 ## - FUENTE DE LA CATALOGACIÓN
Centro catalogador/agencia de origen DLC
Centro/agencia transcriptor DLC
Centro/agencia modificador DLC
050 #4 - SIGNATURA TOPOGRÁFICA DE LA BIBLIOTECA DEL CONGRESO
Número de clasificación F1221.Z6
Número de documento/Ítem .C67 1988
100 1# - ENTRADA PRINCIPAL--NOMBRE DE PERSONA
Nombre de persona Cordry, Donald Bush
9 (RLIN) 413
245 10 - MENCIÓN DE TÍTULO
Título Trajes y tejidos de los indios zoques de Chiapas, México
Mención de responsabilidad, etc. Donald B. y Dorothy M. Cordry ; traducción Andrés Fábregas Puig.
260 ## - PUBLICACIÓN, DISTRIBUCIÓN, ETC.
Lugar de publicación, distribución, etc. [Tuxtla Gutiérrez] México
Nombre del editor, distribuidor, etc. Gobierno del Estado de Chiapas
260 ## - PUBLICACIÓN, DISTRIBUCIÓN, ETC.
Lugar de publicación, distribución, etc. México
Nombre del editor, distribuidor, etc. Miguel Angel Porrúa
Fecha de publicación, distribución, etc. 1988
300 ## - DESCRIPCIÓN FÍSICA
Extensión 178 p.
Otras características físicas il.
Dimensiones 21 cm.
500 ## - NOTA GENERAL
Nota general Traducción de: Costumes and weaving of the Zoque Indians of Chiapas, Mexico.
504 ## - NOTA DE BIBLIOGRAFÍA, ETC.
Nota de bibliografía, etc. Bibliografía: p. 173-176
650 14 - PUNTO DE ACCESO ADICIONAL DE MATERIA--TÉRMINO DE MATERIA
Término de materia o nombre geográfico como elemento de entrada Indígenas zoque
Subdivisión general Indumentaria
9 (RLIN) 414
650 14 - PUNTO DE ACCESO ADICIONAL DE MATERIA--TÉRMINO DE MATERIA
Término de materia o nombre geográfico como elemento de entrada Fábricas textiles zoque
9 (RLIN) 415
650 14 - PUNTO DE ACCESO ADICIONAL DE MATERIA--TÉRMINO DE MATERIA
Término de materia o nombre geográfico como elemento de entrada Indígenas zoque
Subdivisión general Vida social y costumbres
9 (RLIN) 416
651 #4 - PUNTO DE ACCESO ADICIONAL DE MATERIA--NOMBRE GEOGRÁFICO
Nombre geográfico Chiapas (México)
Subdivisión general Vida social y costumbres
9 (RLIN) 417
653 0# - TÉRMINO DE INDIZACIÓN--NO CONTROLADO
Término no controlado Textiles - Chiapas
700 1# - PUNTO DE ACCESO ADICIONAL--NOMBRE DE PERSONA
Nombre de persona Cordry, Dorothy M.
Término indicativo de función/relación coaut.
9 (RLIN) 418
700 1# - PUNTO DE ACCESO ADICIONAL--NOMBRE DE PERSONA
Nombre de persona Fábregas Puig, Andrés
Término indicativo de función/relación tr.
9 (RLIN) 419
942 ## - ELEMENTOS DE PUNTO DE ACCESO ADICIONAL (KOHA)
Fuente del sistema de clasificación o colocación Library of Congress Classification
Tipo de ítem Koha Libros
Holdings
Estado de retiro Estado de pérdida Estado dañado No para préstamo Localización permanente Ubicación/localización actual Fecha de adquisición Total de préstamos Signatura topográfica completa Código de barras Fecha visto por última vez Precio válido a partir de Tipo de ítem Koha
El ejemplar forma parte de la colección y puede ser consultado según las políticas vigentes.       Biblioteca del Museo Franz Mayer (Rogerio Casas-Alatriste) Biblioteca del Museo Franz Mayer (Rogerio Casas-Alatriste) 25/06/2008   F1221.Z6 .C67 1988 00101 22/03/2019 22/03/2019 Libros